| 000 | 00957nam a2200289Ia 4500 | ||
|---|---|---|---|
| 001 | Para_6182 | ||
| 003 | CHAP | ||
| 008 | 220125s1981 xx 000 0 und d | ||
| 010 | _a204802 | ||
| 040 | _cCHAP | ||
| 090 | _aPA FOLLETO 295 | ||
| 100 |
_aArellano Vázquez, José Luis _96929 |
||
| 245 |
_aGuía para cultivar maíz en el Estado de México / _c por José Luis Arellano Vázquez y Aquiles Carballo Carballo |
||
| 260 |
_aChapingo, Méx. : _b INIA. Campo Agrícola Experimental Valle de México |
||
| 300 | _a19 p. | ||
| 440 |
_aFolleto para productores; 13 _9170752 |
||
| 650 |
_aMaíz _x México (Edo.) |
||
| 700 |
_aCarballo Carballo, Aquiles _918795 |
||
| 710 |
_aInstituto Nacional de Investigaciones Agrícolas (México). CAEVM _9170753 |
||
| 901 | _aPA FOLLETO 295 | ||
| 902 | _aA | ||
| 905 | _a0000001981 a 0000000000 00 | ||
| 910 | _a1981 | ||
| 942 | _cPARA | ||
| 942 |
_cPARA _d1 |
||
| 999 |
_c204802 _d204802 |
||